| 000 | 02572nam a22003857a 4500 | ||
|---|---|---|---|
| 001 | 101756 | ||
| 003 | KnowledgeUnlatched | ||
| 005 | 20210303105126.0 | ||
| 006 | m o d | ||
| 007 | cr u|||||||||| | ||
| 008 | 210129p20162019xx o u00| u ger d | ||
| 037 | _5BiblioBoard | ||
| 245 | 0 | 0 |
_aHomecare _bDie Rolle der Hausärzte im Entlassmanagement / _cAnika Reichert, Stefanie Scholz, Udo Richter, Dominika Urbanski. |
| 020 | _a9783954663712 | ||
| 029 | 1 | _ahttps://library.biblioboard.com/ext/api/media/34ac6525-22e7-4813-a973-5ed7cd583dba/assets/thumbnail.jpg | |
| 040 |
_aScCtBLL _cScCtBLL |
||
| 100 | 1 |
_aReichert, Anika _eauthor. |
|
| 506 | 0 |
_aAccess copy available to the general public. _fUnrestricted _2star |
|
| 700 | 1 |
_aScholz, Stefanie _eauthor. |
|
| 700 | 1 |
_aRichter, Udo _eauthor. |
|
| 700 | 1 |
_aUrbanski, Dominika _eauthor. |
|
| 264 | 1 | _bMWV Medizinisch Wissenschaftliche Verlagsgeschellschaft, | |
| 300 | _a1 online resource (110 p.) | ||
| 520 | _aHomecare ist ein junger Bereich, der die stationäre Versorgung mit der ambulanten Nachsorge verbindet und sämtliche weitere Versorger koordiniert. In der Praxis scheitert diese Idee derzeit noch häufig an fehlenden oder unpräzisen rechtlichen Rahmenbedingungen sowie Akzeptanzbarrieren. Dieses Buch bietet einen umfassenden Überblick der aktuellen Versorgungssituation im Homecare-Bereich in Deutschland. Es diskutiert den Homecare-Markt und seine Potentiale, die rechtlichen Rahmenbedingungen und gibt einen Überblick über nationale und internationale Studien zur Effektivität von Entlassmanagement und sektorenübergreifender Versorgung. Ein Praxisteil präsentiert Ergebnisse einer umfassenden empirischen Studie, die die Perspektiven von niedergelassenen Ärzten, Kliniken und stationärer sowie ambulanter Pflege zum Thema Homecare untersucht. Die Ergebnisse der Studie geben Aufschluss über die praktische Umsetzung der Homecare-Idee im Versorgungsalltag sowie die Potentiale und Risiken. | ||
| 588 | 0 | _aDescription based on print version record. | |
| 590 | _aKU Open Services | ||
| 650 | 7 |
_aMedical _2bisacsh |
|
| 650 | 0 | _aMedicine | |
| 655 | 0 | _aElectronic books. | |
| 758 |
_iIs found in: _aKnowledge Unlatched _1https://openresearchlibrary.org/module/2774bc74-146a-484f-a7ba-ab1d6a09bbfb |
||
| 856 | 4 | 0 |
_uhttps://openresearchlibrary.org/content/34ac6525-22e7-4813-a973-5ed7cd583dba _zView this content on Open Research Library. _70 |
| 999 |
_c33683 _d33683 |
||